00772nam a2200217 i 450000100060000000300090000600500170001500700030003200800410003508000170007610000200009324501410011326000340025430000400028865000360032870000210036485200220038594200080040799900170041595201220043227690ES-MaACL20230906153703.0t|030115s1971 sp af ||||1| spa d a655.1/.3(02)1 aAuge, R.92388213aLa imprenta b: nociones técnicas de los procedimientos de impresión, normas tipográficas / cR. Auge ; [traducido por: M. Duque]. aMadrid : bParaninfo, c1971. a159 p., 4 lám. : bil. ; c22 cm. 4aDiseño tipográfico.91474451 aDuque, M.946149 aES-MaACLjC-45090 2udc c27690d27690 00104070aATENEOMbATENEOMcDEPO2d2008-01-17eSCl0oC-45090p1028595r2023-02-23 00:00:00w2023-02-23yMONOGRAFIA